[Event "Pere Noel"]
[Site "Montreal CAN"]
[Date "2014.12.30"]
[Round "5"]
[White "Gachet, Sebastien"]
[Black "Chiku-Ratte, Olivier-Kenta"]
[Result "0-1"]
[WhiteElo "2293"]
[BlackElo "2301"]
[PlyCount "154"]
[EventDate "2014.12.26"]
[EventType "swiss"]
[EventRounds "5"]
[EventCountry "CAN"]

1. e4 c5 2. Nf3 d6 3. d4 cxd4 4. Nxd4 Nf6 5. Nc3 g6 6. g3 Nc6 7. Nde2 Bg7 8.
Bg2 O-O 9. O-O Rb8 10. h3 b5 11. Bg5 b4 12. Nd5 Nd7 13. c3 h6 14. Bd2 bxc3 15.
Bxc3 Bxc3 16. bxc3 Ba6 17. Re1 Nde5 18. Nd4 e6 19. Nxc6 Nxc6 20. Ne3 Ne5 21.
Qd4 Qb6 22. Rad1 Rfd8 23. f4 Nc4 24. Nxc4 Bxc4 25. Rd2 Qxd4+ 26. cxd4 d5 27.
Rc1 Rb4 28. e5 Rdb8 29. Rcc2 a5 30. Kf2 a4 31. Bf1 Bxf1 32. Kxf1 a3 33. Ke2 Rb2
34. Rc3 Ra8 35. Rdc2 Ra4 36. Ke3 Ra5 37. Rd2 Ra4 38. Rcc2 Rb1 39. Rd3 Rg1 40.
Kf3 Re1 41. Kg4 Rb1 42. Rc8+ Kg7 43. Rdc3 Rbb4 44. R3c7 Rc4 45. Rxc4 dxc4 46.
Kf3 Rb4 47. Ke3 Rb3+ 48. Kf2 c3 49. Ke2 Rb2+ 50. Kd3 Rxa2 51. Rxc3 Rg2 52. Ke4
a2 53. Ra3 Rxg3 54. Rxa2 Rxh3 55. d5 exd5+ 56. Kxd5 Re3 57. Rg2 h5 58. f5 Rf3
59. f6+ Kh6 60. Kd6 g5 61. Ra2 Kg6 62. Ra8 Re3 63. Rg8+ Kf5 64. Re8 h4 65. Re7
Kg6 66. Re8 g4 67. Rh8 h3 68. Rh4 Kg5 69. Rh7 Kf4 70. Rh5 Ra3 71. e6 Ra6+ 72.
Ke7 Rxe6+ 73. Kxf7 Ra6 74. Kg6 Kg3 75. Re5 h2 76. Re1 Kg2 77. Kg5 Rxf6 0-1

[Event "Mercredi 2014.11.19 ABCDEF"]
[Site "Montreal CAN"]
[Date "2014.11.19"]
[Round "1"]
[White "Chiku-Ratte, Olivier-Kenta"]
[Black "Rousseau, Daniel"]
[Result "1-0"]
[WhiteElo "2290"]
[BlackElo "2056"]
[PlyCount "107"]
[EventDate "2014.11.19"]
[EventType "tourn"]
[EventRounds "5"]
[EventCountry "CAN"]

1. d4 Nf6 2. c4 e6 3. Nc3 d5 4. cxd5 Nxd5 5. e4 Nxc3 6. bxc3 c5 7. Nf3 cxd4 8.
cxd4 Bb4+ 9. Bd2 Qa5 10. Be2 Nc6 11. Bxb4 Qxb4+ 12. Qd2 O-O 13. Qxb4 Nxb4 14.
Kd2 Rd8 15. Rhc1 Nc6 16. Ke3 Bd7 17. Rab1 Rab8 18. Rc5 Kf8 19. Rbc1 Rdc8 20.
Bb5 Ke8 21. Ne5 a6 22. Nxc6 bxc6 23. Bxc6 Bxc6 24. Rxc6 Rxc6 25. Rxc6 a5 26.
Rc5 a4 27. Rc4 Ra8 28. a3 Kd7 29. Rb4 Kc6 30. Kd3 Ra5 31. Kc4 f5 32. d5+ exd5+
33. exd5+ Rxd5 34. Rb6+ Kxb6 35. Kxd5 Kb5 36. h4 f4 37. h5 g5 38. hxg6 hxg6 39.
f3 g5 40. Kd4 Ka6 41. Kc5 Ka5 42. Kc4 Ka6 43. Kb4 Kb6 44. Kxa4 Kc5 45. Kb3 Kd4
46. a4 Ke3 47. a5 Kf2 48. a6 Kxg2 49. a7 Kxf3 50. a8=Q+ Kf2 51. Qe4 Kg3 52. Kc2
g4 53. Kd2 f3 54. Ke3 1-0

[Event "Mercredi 2014.11.19 ABCDEF"]
[Site "Montreal CAN"]
[Date "2014.11.26"]
[Round "2"]
[White "Chiku-Ratte, Olivier-Kenta"]
[Black "Levkovsky, Alexandre"]
[Result "0-1"]
[WhiteElo "2290"]
[BlackElo "2227"]
[PlyCount "60"]
[EventDate "2014.11.19"]
[EventType "tourn"]
[EventRounds "5"]
[EventCountry "CAN"]

1. d4 d5 2. c4 e5 3. dxe5 d4 4. Nf3 Nc6 5. a3 Nge7 6. g3 Ng6 7. Bg2 Ngxe5 8.
Nbd2 Be7 9. Nxe5 Nxe5 10. Nf3 Nxf3+ 11. Bxf3 a5 12. b3 O-O 13. O-O c5 14. Qd3
Re8 15. Be4 g6 16. Bd5 Bf6 17. Bb2 Ra6 18. Rae1 Rb6 19. Qf3 Qe7 20. e4 Be5 21.
Bc1 Be6 22. Bd2 Ra8 23. Qd3 Bg7 24. f4 Qd7 25. b4 cxb4 26. axb4 a4 27. b5 Bxd5
28. exd5 Qf5 29. Qxf5 gxf5 30. Bb4 d3 {...} 0-1

[Event "Mercredi 2014.11.19 ABCDEF"]
[Site "Montreal CAN"]
[Date "2014.12.03"]
[Round "3"]
[White "Boudreau, Daniel"]
[Black "Chiku-Ratte, Olivier-Kenta"]
[Result "0-1"]
[WhiteElo "2109"]
[BlackElo "2290"]
[PlyCount "98"]
[EventDate "2014.11.19"]
[EventType "tourn"]
[EventRounds "5"]
[EventCountry "CAN"]

1. e4 c5 2. Nf3 e6 3. d4 cxd4 4. Nxd4 a6 5. c4 Nf6 6. Nc3 Qc7 7. Bg5 Be7 8. Be2
O-O 9. O-O d6 10. Rc1 Nbd7 11. Kh1 b6 12. f3 Bb7 13. Nc2 Rac8 14. Ne3 Rfe8 15.
Qd2 Qb8 16. Rfd1 Bd8 17. Bf4 Ne5 18. Bg3 Nh5 19. f4 Nxg3+ 20. hxg3 Nc6 21. Bf3
Bc7 22. Kg1 Rcd8 23. Qe2 Rd7 24. Rd2 Qd8 25. Rcd1 Qe7 26. a3 Na7 27. Qd3 Rdd8
28. b4 b5 29. cxb5 Bb6 30. Kf1 axb5 31. Ng4 h5 32. Nf2 h4 33. Be2 d5 34. e5
hxg3 35. Qxg3 Bc6 36. Ng4 Kf8 37. Qh3 Qb7 38. Qh8+ Ke7 39. Qxg7 Rf8 40. Bf3 d4
41. Qf6+ Kd7 42. Bxc6+ Nxc6 43. Ne4 Ne7 44. Nd6 Qd5 45. Ne3 Qb3 46. Nc2 Nd5 47.
Nxb5 Qc4+ 48. Ke1 Nxf6 49. Nbxd4 Nd5 0-1

[Event "Mercredi 2014.11.19 ABCDEF"]
[Site "Montreal CAN"]
[Date "2014.12.10"]
[Round "4"]
[White "Chiku-Ratte, Olivier-Kenta"]
[Black "Lopez Linares, Lizandro"]
[Result "1-0"]
[WhiteElo "2290"]
[BlackElo "2104"]
[PlyCount "69"]
[EventDate "2014.11.19"]
[EventType "tourn"]
[EventRounds "5"]
[EventCountry "CAN"]

1. d4 e6 2. c4 Bb4+ 3. Nc3 Bxc3+ 4. bxc3 f5 5. e3 Nf6 6. Bd3 O-O 7. Ne2 b6 8.
O-O d6 9. Qc2 Bb7 10. f3 Qe7 11. e4 fxe4 12. fxe4 e5 13. Ng3 Bc8 14. h3 exd4
15. cxd4 Nc6 16. Bb2 Bd7 17. Rae1 Nb4 18. Qd2 Nxd3 19. Qxd3 Kh8 20. Kh2 Rae8
21. e5 dxe5 22. dxe5 Ng8 23. Rxf8 Rxf8 24. e6 Bxe6 25. Nh5 Nf6 26. Bxf6 Rxf6
27. Nxf6 Qxf6 28. Qe4 Bg8 29. Qe5 Qc6 30. Re4 a5 31. Rg4 Qd7 32. a4 Be6 33. Rd4
Qc6 34. Rd8+ Bg8 35. Qd5 1-0

[Event "Mercredi 2014.11.19 ABCDEF"]
[Site "Montreal CAN"]
[Date "2014.12.17"]
[Round "5"]
[White "Nunez, Omar"]
[Black "Chiku-Ratte, Olivier-Kenta"]
[Result "0-1"]
[WhiteElo "2061"]
[BlackElo "2290"]
[PlyCount "88"]
[EventDate "2014.11.19"]
[EventType "tourn"]
[EventRounds "5"]
[EventCountry "CAN"]

1. e4 c5 2. Nf3 e6 3. d3 g6 4. g3 Bg7 5. Bg2 d6 6. c3 Ne7 7. O-O Nbc6 8. Qe2
O-O 9. Rd1 e5 10. Nbd2 h6 11. Nf1 Be6 12. Be3 f5 13. exf5 gxf5 14. Nh4 Nd5 15.
d4 cxd4 16. Bxd4 Qd7 17. Bxd5 Bxd5 18. Bxa7 Qe6 19. Ne3 Bxa2 20. Rxa2 Qxa2 21.
Nexf5 Rf6 22. Be3 Bf8 23. Qg4+ Kh7 24. Qe4 Ra4 25. b4 Kh8 26. Qg4 Qf7 27. Qe4
Ra8 28. g4 Qg8 29. h3 Nd8 30. Kh2 Rc8 31. Nxd6 Bxd6 32. Rxd6 Rxd6 33. Qxe5+ Qg7
34. Qxd6 Qc7 35. Nf5 Kh7 36. Bd4 Nc6 37. Bb6 Qxd6+ 38. Nxd6 Ra8 39. b5 Ne5 40.
c4 Ra3 41. Nxb7 Nxc4 42. Bc5 Rd3 43. b6 Rd7 44. Kg2 Rxb7 0-1

[Event "Varennes"]
[Site "Varennes CAN"]
[Date "2014.11.07"]
[Round "1"]
[White "Chiku-Ratte, Olivier-Kenta"]
[Black "Weston, Paul"]
[Result "1-0"]
[WhiteElo "2307"]
[BlackElo "1946"]
[PlyCount "125"]
[EventDate "2014.11.07"]
[EventType "swiss"]
[EventRounds "5"]
[EventCountry "CAN"]

1. d4 d5 2. c4 e6 3. Nc3 Nf6 4. cxd5 exd5 5. Bg5 Nbd7 6. Qc2 Be7 7. e3 O-O 8.
Bd3 b6 9. Nf3 Bb7 10. O-O h6 11. Bh4 c5 12. Rfd1 a6 13. Bf5 c4 14. Ne5 b5 15.
a3 Nb6 16. f4 Bc8 17. Bxc8 Rxc8 18. Qf5 Ne4 19. Bxe7 Qxe7 20. Nxe4 dxe4 21. d5
Qd6 22. Qxe4 f5 23. Qd4 Rc5 24. e4 fxe4 25. Qxe4 Rxd5 26. Rxd5 Qxd5 27. Qe3 Na4
28. Ng6 Rf7 29. Ne7+ Rxe7 30. Qxe7 Qd4+ 31. Kh1 Qxf4 32. Qe2 Qd4 33. Rd1 Qf6
34. Qe8+ Kh7 35. Qe4+ Kg8 36. Qe2 Nxb2 37. Rf1 Qd4 38. Qe6+ Kh7 39. h3 Nd3 40.
Qf5+ Kg8 41. Qf8+ Kh7 42. Qf5+ Kg8 43. Qe6+ Kh7 44. Rf8 Qa1+ 45. Kh2 Qe5+ 46.
Qxe5 Nxe5 47. Re8 Nd3 48. Ra8 Nc5 49. Rc8 Nb3 50. Rc6 a5 51. a4 bxa4 52. Rxc4
a3 53. Ra4 Kg6 54. Rxa3 Nd2 55. Rxa5 h5 56. Kg3 Ne4+ 57. Kf4 Nf6 58. g3 Nd7 59.
Ra6+ Nf6 60. Rc6 Kh6 61. Kf5 Kh7 62. Rxf6 gxf6 63. Kxf6 1-0

[Event "Varennes"]
[Site "Varennes CAN"]
[Date "2014.11.08"]
[Round "2"]
[White "Durette, Francis"]
[Black "Chiku-Ratte, Olivier-Kenta"]
[Result "1-0"]
[WhiteElo "1651"]
[BlackElo "2307"]
[PlyCount "141"]
[EventDate "2014.11.07"]
[EventType "swiss"]
[EventRounds "5"]
[EventCountry "CAN"]

1. e4 c5 2. Nf3 d6 3. d4 cxd4 4. Nxd4 Nf6 5. Nc3 g6 6. Be3 Bg7 7. f3 Nc6 8. Qd2
O-O 9. O-O-O d5 10. exd5 Nxd5 11. Nxc6 bxc6 12. Bd4 Nxc3 13. Qxc3 Bh6+ 14. Be3
Bxe3+ 15. Qxe3 Qb6 16. Qxe7 Be6 17. Qa3 Rad8 18. Bd3 Rd5 19. b3 Rfd8 20. Rde1
R5d6 21. Re5 Qd4 22. Qb2 Qf4+ 23. Kb1 Rd4 24. Re4 Rxe4 25. Bxe4 c5 26. g3 Qd6
27. Qc3 Qb6 28. Ka1 a5 29. f4 a4 30. Rb1 axb3 31. cxb3 Rd4 32. Bc2 Qc6 33. Re1
Qg2 34. Qxc5 Rd2 35. Qc3 Qxh2 36. Rd1 Rxd1+ 37. Bxd1 h5 38. Bc2 h4 39. gxh4
Qxf4 40. Qe1 Kg7 41. Qc3+ Kh7 42. Qe1 Kh6 43. a4 Qd4+ 44. Kb1 Qb6 45. Qc3 Qd8
46. a5 Qxh4 47. Qh8+ Kg5 48. Qxh4+ Kxh4 49. Be4 Bc8 50. b4 f5 51. Bc6 f4 52. b5
Kg3 53. b6 f3 54. b7 Bxb7 55. Bxb7 g5 56. Bxf3 Kxf3 57. a6 g4 58. a7 g3 59.
a8=Q+ Kf2 60. Qf8+ Ke2 61. Qe7+ Kf2 62. Qf6+ Ke2 63. Qe5+ Kf3 64. Qf5+ Ke3 65.
Qg4 Kf2 66. Qf4+ Kg2 67. Kc2 Kh3 68. Qf3 Kh2 69. Qh5+ Kg1 70. Kd2 g2 71. Ke3
1-0

[Event "Varennes"]
[Site "Varennes CAN"]
[Date "2014.11.08"]
[Round "3"]
[White "Chiku-Ratte, Olivier-Kenta"]
[Black "Poulin, Maurice"]
[Result "1-0"]
[WhiteElo "2307"]
[BlackElo "1999"]
[PlyCount "73"]
[EventDate "2014.11.07"]
[EventType "swiss"]
[EventRounds "5"]
[EventCountry "CAN"]

1. d4 g6 2. c4 Bg7 3. e4 Nc6 4. d5 Nd4 5. Be3 c5 6. Nc3 d6 7. Nge2 Bg4 8. f3
Bxf3 9. gxf3 Nxf3+ 10. Kf2 Ne5 11. Nf4 Nf6 12. h3 O-O 13. Be2 a6 14. Rf1 Rb8
15. a4 a5 16. b3 b6 17. Kg2 Qd7 18. Nd3 Nxd3 19. Qxd3 Qb7 20. Bf4 Nd7 21. Bg4
Ne5 22. Bxe5 Bxe5 23. h4 h5 24. Bh3 Rbe8 25. Rf3 Qb8 26. Raf1 Qc8 27. Ne2 Bf6
28. Ng3 Be5 29. Kh1 Kg7 30. Nxh5+ Kg8 31. Qe3 Bg7 32. Nxg7 Kxg7 33. Qf2 f6 34.
Rg1 Rh8 35. Rfg3 Rh6 36. Qg2 Kh8 37. Rxg6 1-0

[Event "Quebec-ch Amateur"]
[Site "Montreal CAN"]
[Date "2014.10.10"]
[Round "1"]
[White "Weston, Paul"]
[Black "Chiku-Ratte, Olivier-Kenta"]
[Result "0-1"]
[WhiteElo "1986"]
[BlackElo "2245"]
[PlyCount "56"]
[EventDate "2014.10.10"]
[EventType "swiss"]
[EventRounds "7"]
[EventCountry "CAN"]

1. e4 c5 2. Nf3 d6 3. c3 Nf6 4. Bc4 Nc6 5. d3 g6 6. O-O Bg7 7. Re1 Bg4 8. Nbd2
O-O 9. h3 Bxf3 10. Nxf3 Nd7 11. Be3 a6 12. a4 Na5 13. Ba2 Rc8 14. Qd2 Qc7 15.
b3 Nc6 16. Rad1 Qa5 17. Rc1 b5 18. axb5 axb5 19. Re2 b4 20. c4 Qb6 21. Bh6 Ra8
22. Bxg7 Kxg7 23. Ra1 Nde5 24. Nh2 Nd4 25. Ree1 Ra3 26. f4 Nec6 27. Reb1 Rfa8
28. Qb2 Qa5 0-1

[Event "Quebec-ch Amateur"]
[Site "Montreal CAN"]
[Date "2014.10.11"]
[Round "2"]
[White "Chiku-Ratte, Olivier-Kenta"]
[Black "Kraiouchkine, Nikita"]
[Result "1/2-1/2"]
[WhiteElo "2245"]
[BlackElo "2339"]
[PlyCount "119"]
[EventDate "2014.10.10"]
[EventType "swiss"]
[EventRounds "7"]
[EventCountry "CAN"]

1. d4 Nf6 2. c4 e6 3. Nc3 Bb4 4. f3 d5 5. a3 Be7 6. e3 O-O 7. Bd3 c5 8. cxd5
cxd4 9. exd4 Nxd5 10. Nge2 Nc6 11. O-O Bf6 12. Nxd5 Qxd5 13. Be4 Qb5 14. Be3
Bd7 15. Qd2 Rfd8 16. Nc3 Qh5 17. Qf2 Na5 18. Rad1 Bc6 19. Bf4 Nb3 20. d5 exd5
21. g4 Qh4 22. Bg3 Qh6 23. Nxd5 Bd4 24. Rxd4 Nxd4 25. Qxd4 Qe6 26. Rd1 Rd7 27.
Qc5 b6 28. Qxc6 Qxc6 29. Ne7+ Kh8 30. Nxc6 Rxd1+ 31. Kf2 Re8 32. Bf4 a5 33. Ne5
Re7 34. Ke2 Rg1 35. Nd3 g6 36. Be3 Rh1 37. Nf2 Rg1 38. g5 b5 39. h3 h5 40. Nd1
Rh1 41. Nc3 Rxh3 42. Nd5 Rh2+ 43. Kf1 Re6 44. Kg1 Re2 45. Kf1 Rxe3 46. Nxe3 Re5
47. b4 axb4 48. axb4 Rxg5 49. f4 Rg3 50. Kf2 h4 51. Bf3 g5 52. Nf1 g4 53. Nxg3
hxg3+ 54. Kxg3 gxf3 55. Kxf3 Kg7 56. f5 Kh6 57. Kg4 f6 58. Kh4 Kg7 59. Kh5 Kh7
60. Kg4 1/2-1/2

[Event "Quebec-ch Amateur"]
[Site "Montreal CAN"]
[Date "2014.10.11"]
[Round "3"]
[White "Chiku-Ratte, Olivier-Kenta"]
[Black "Prahov, Valentin"]
[Result "1-0"]
[WhiteElo "2245"]
[BlackElo "2269"]
[PlyCount "85"]
[EventDate "2014.10.10"]
[EventType "swiss"]
[EventRounds "7"]
[EventCountry "CAN"]

1. d4 c5 2. d5 e6 3. c4 exd5 4. cxd5 d6 5. Nc3 g6 6. e4 a6 7. a4 Bg7 8. f4 Ne7
9. Nf3 Bg4 10. Bc4 O-O 11. O-O Nd7 12. h3 Bxf3 13. Qxf3 Kh8 14. g4 f5 15. exf5
gxf5 16. g5 Nb6 17. Ba2 a5 18. Be3 Qd7 19. Bb3 Ng6 20. Bf2 Rae8 21. Rfe1 Rxe1+
22. Rxe1 Re8 23. Rxe8+ Qxe8 24. h4 Kg8 25. h5 Ne7 26. h6 Bh8 27. Qe2 Qd7 28.
Bxc5 dxc5 29. d6+ c4 30. Bxc4+ Nxc4 31. Qxc4+ Kf8 32. dxe7+ Kxe7 33. Nd5+ Kf8
34. b3 Qe6 35. Kf2 Kf7 36. Ne3 Qxc4 37. Nxc4 Bd4+ 38. Ke2 b6 39. Kd3 Bc5 40.
Ne5+ Kg8 41. Nd7 Bg1 42. Nf6+ Kh8 43. Kc4 1-0

[Event "Quebec-ch Amateur"]
[Site "Montreal CAN"]
[Date "2014.10.13"]
[Round "7"]
[White "Zhu, Hong Rui"]
[Black "Chiku-Ratte, Olivier-Kenta"]
[Result "0-1"]
[WhiteElo "2193"]
[BlackElo "2245"]
[PlyCount "80"]
[EventDate "2014.10.10"]
[EventType "swiss"]
[EventRounds "7"]
[EventCountry "CAN"]

1. e4 c5 2. Ne2 d6 3. g3 g6 4. Bg2 Bg7 5. c3 Nc6 6. d4 Qc7 7. O-O Nf6 8. h3 O-O
9. Be3 Nd7 10. Na3 a6 11. Rc1 b5 12. Qd2 Bb7 13. Bh6 Rad8 14. Bxg7 Kxg7 15. d5
Ncb8 16. b3 e6 17. c4 b4 18. Nc2 exd5 19. exd5 Nf6 20. g4 h5 21. g5 Nh7 22. h4
Bc8 23. Ne3 f6 24. f4 fxg5 25. fxg5 Nd7 26. Nf4 Ne5 27. Nd3 Rfe8 28. Rf2 Nxd3
29. Qxd3 Re5 30. Rcf1 Rde8 31. Rf3 Qe7 32. Kf2 Re4 33. Bh3 Rxh4 34. Bxc8 Rxc8
35. Ke2 Nxg5 36. Rg3 Rd4 37. Qc2 h4 38. Rg2 Re8 39. Qc1 Re4 40. Qb2+ Kh6 0-1

[Event "Montreal op"]
[Site "Montreal CAN"]
[Date "2014.09.05"]
[Round "1"]
[White "Chiku-Ratte, Olivier-Kenta"]
[Black "Turcotte, Jonathan"]
[Result "1/2-1/2"]
[WhiteElo "2295"]
[BlackElo "2088"]
[PlyCount "94"]
[EventDate "2014.09.05"]
[EventType "swiss"]
[EventRounds "5"]
[EventCountry "CAN"]

1. d4 d5 2. c4 c6 3. Nf3 Nf6 4. Nc3 e6 5. e3 Nbd7 6. Bd3 dxc4 7. Bxc4 b5 8. Bd3
Bb7 9. a3 b4 10. Ne4 Nxe4 11. Bxe4 bxa3 12. O-O Bd6 13. b3 Qe7 14. Nd2 Nf6 15.
Bf3 O-O 16. Nc4 Bb4 17. Bxa3 Bxa3 18. Rxa3 Nd5 19. Qa1 c5 20. Rxa7 cxd4 21.
Rxa8 Rxa8 22. Qxd4 Qb4 23. Qd3 Rb8 24. Rc1 Ba6 25. e4 Nf6 26. e5 Nd5 27. Bd1
Nf4 28. Qd2 Bxc4 29. Qxb4 Rxb4 30. bxc4 Nd3 31. Rc3 Nxe5 32. Bb3 Kf8 33. Kf1
Nc6 34. Bc2 Nd4 35. Ke1 h6 36. Kd2 Ke7 37. Kd3 Nc6 38. Bd1 Kd6 39. c5+ Kc7 40.
g3 Rd4+ 41. Ke2 Rd5 42. Ba4 Rd4 43. Bc2 Rb4 44. Ke3 Ne5 45. h3 Nc4+ 46. Kd3
Ne5+ 47. Ke3 Nc4+ 1/2-1/2

[Event "Montreal op"]
[Site "Montreal CAN"]
[Date "2014.09.06"]
[Round "2"]
[White "Barre, Michel"]
[Black "Chiku-Ratte, Olivier-Kenta"]
[Result "1-0"]
[WhiteElo "1935"]
[BlackElo "2295"]
[PlyCount "93"]
[EventDate "2014.09.05"]
[EventType "swiss"]
[EventRounds "5"]
[EventCountry "CAN"]

1. e4 c5 2. Nf3 d6 3. d4 cxd4 4. Nxd4 Nf6 5. Nc3 g6 6. Be3 Bg7 7. f3 Nc6 8. Qd2
O-O 9. O-O-O d5 10. exd5 Nxd5 11. Nxc6 bxc6 12. Bd4 Nxc3 13. Qxc3 Bh6+ 14. Be3
Bxe3+ 15. Qxe3 Qb6 16. Qxe7 Be6 17. Qa3 Rad8 18. Bd3 Rd5 19. b3 Rfd8 20. Rde1
Qd4 21. Qb2 Qf4+ 22. Kb1 Rd4 23. Qc3 Qd6 24. Re4 Rxe4 25. Bxe4 c5 26. h4 Qg3
27. Qxc5 Qxg2 28. Rg1 Qh2 29. Qxa7 Qxh4 30. Qb6 Rc8 31. Rd1 Qg5 32. a4 Bf5 33.
a5 Bxe4 34. fxe4 Kg7 35. Rd7 Qg2 36. Qd4+ Kg8 37. Rd8+ Rxd8 38. Qxd8+ Kg7 39.
Qd4+ f6 40. Kb2 Qf1 41. Qc4 Qf4 42. a6 Qe5+ 43. Ka2 Qa5+ 44. Kb1 h5 45. Qa4
Qe1+ 46. Kb2 h4 47. a7 1-0

[Event "Montreal op"]
[Site "Montreal CAN"]
[Date "2014.09.06"]
[Round "3"]
[White "Nikulich, Oleksandr"]
[Black "Chiku-Ratte, Olivier-Kenta"]
[Result "1/2-1/2"]
[WhiteElo "2008"]
[BlackElo "2295"]
[PlyCount "144"]
[EventDate "2014.09.05"]
[EventType "swiss"]
[EventRounds "5"]
[EventCountry "CAN"]

1. e4 c5 2. Ne2 Nc6 3. d4 cxd4 4. Nxd4 g6 5. c4 Bg7 6. Be3 d6 7. Nc3 Nf6 8. Be2
O-O 9. O-O Nxd4 10. Bxd4 Bd7 11. Qd2 Bc6 12. f3 a5 13. b3 Nd7 14. Be3 Nc5 15.
Rab1 Qb6 16. Rfc1 Qb4 17. Nd5 Bxd5 18. cxd5 Qxd2 19. Bxd2 Bd4+ 20. Kh1 Rfc8 21.
Rc2 e5 22. dxe6 fxe6 23. g3 d5 24. exd5 exd5 25. Kg2 b6 26. Bb5 Bf6 27. Rd1 d4
28. Be1 Rd8 29. Rcd2 Rd6 30. g4 Be5 31. Bf2 g5 32. Bxd4 Bf4 33. Bc4+ Ne6 34.
Rd3 b5 35. Bxb5 Nxd4 36. Rxd4 Rad8 37. Rxd6 Rxd6 38. Rxd6 Bxd6 39. Kf2 Bxh2 40.
Ke3 Kf7 41. Kd4 Ke6 42. Bc6 Bd6 43. Kc4 Bb4 44. Kb5 Kd6 45. Ba8 h6 46. Bb7 Kc7
47. Be4 Kd6 48. Ba8 Kc7 49. a3 Bxa3 50. Kxa5 Kb8 51. Be4 Bc1 52. Kb6 Bd2 53.
Kc6 Bf4 54. b4 Bd2 55. b5 Bc3 56. Kd7 Bd2 57. b6 Be3 58. b7 Bf4 59. Ke7 Bc1 60.
Kf6 Bf4 61. Kf5 Kc7 62. Kg6 Kb8 63. Kxh6 Ka7 64. Kg6 Kb8 65. Kf5 Bc1 66. Ke5
Bf4+ 67. Ke6 Be3 68. Kd7 Bf4 69. Kd8 Bc7+ 70. Kd7 Bf4 71. Bc6 Be3 72. Bd5 Bf4
1/2-1/2

[Event "Montreal op"]
[Site "Montreal CAN"]
[Date "2014.09.07"]
[Round "4"]
[White "Chiku-Ratte, Olivier-Kenta"]
[Black "Robichaud, Louis"]
[Result "1-0"]
[WhiteElo "2295"]
[BlackElo "2075"]
[PlyCount "87"]
[EventDate "2014.09.05"]
[EventType "swiss"]
[EventRounds "5"]
[EventCountry "CAN"]

1. d4 Nf6 2. c4 g6 3. Nc3 Bg7 4. e4 d6 5. f4 O-O 6. Nf3 c5 7. d5 e6 8. Be2 exd5
9. cxd5 Bg4 10. O-O Nbd7 11. h3 Bxf3 12. Bxf3 Re8 13. g4 h6 14. Qc2 Qa5 15. e5
dxe5 16. g5 hxg5 17. fxg5 Nh7 18. Ne4 Qd8 19. Bg4 Nb6 20. d6 Rf8 21. Be3 Nd5
22. Qxc5 Nxe3 23. Qxe3 Kh8 24. Rac1 f5 25. gxf6 Nxf6 26. Nxf6 Rxf6 27. d7 Rxf1+
28. Rxf1 Qb6 29. Qxb6 axb6 30. Rc1 Rd8 31. Rc8 Bf6 32. Kf2 Kg7 33. Ke3 Kf7 34.
Ke4 Ke7 35. a4 Kd6 36. b4 Bg5 37. Rc3 Be7 38. Rd3+ Kc7 39. b5 Bd6 40. Rc3+ Bc5
41. Kd5 Rf8 42. a5 Kd8 43. axb6 Bxb6 44. Kd6 1-0

[Event "Montreal op"]
[Site "Montreal CAN"]
[Date "2014.09.07"]
[Round "5"]
[White "Drolet, Stephane"]
[Black "Chiku-Ratte, Olivier-Kenta"]
[Result "1/2-1/2"]
[WhiteElo "2135"]
[BlackElo "2295"]
[PlyCount "82"]
[EventDate "2014.09.05"]
[EventType "swiss"]
[EventRounds "5"]
[EventCountry "CAN"]

1. d4 Nf6 2. Nf3 c5 3. c3 b6 4. Bg5 Ne4 5. Bh4 Bb7 6. e3 g6 7. Nbd2 Nxd2 8.
Qxd2 Bg7 9. d5 d6 10. Bc4 O-O 11. O-O Nd7 12. e4 Re8 13. Rfe1 a6 14. a4 Qc7 15.
Bg3 Rad8 16. Qd3 Qc8 17. Rad1 Nf6 18. h3 Qa8 19. Qc2 Rb8 20. Bd3 Nd7 21. c4
Rbd8 22. Bf1 Qb8 23. Qe2 Kf8 24. Bf4 h6 25. h4 Kg8 26. e5 dxe5 27. Nxe5 Nxe5
28. Bxe5 Bxe5 29. Qxe5 Qxe5 30. Rxe5 e6 31. Rde1 Bc8 32. g3 Bd7 33. dxe6 Rxe6
34. b3 a5 35. Rxe6 Bxe6 36. Re3 Rd1 37. Kg2 Bf5 38. Be2 Rb1 39. Bd3 Bxd3 40.
Rxd3 Kf8 41. Re3 Rb2 1/2-1/2

[Event "CAN-op"]
[Site "Montreal CAN"]
[Date "2014.07.19"]
[Round "1"]
[White "Chiku-Ratte, Olivier-Kenta"]
[Black "Ruiz Sanchez, Orlen"]
[Result "1/2-1/2"]
[WhiteElo "2190"]
[BlackElo "2465"]
[PlyCount "124"]
[EventDate "2014.07.19"]
[EventType "swiss"]
[EventRounds "9"]
[EventCountry "CAN"]

1. d4 d5 2. c4 c6 3. Nf3 Nf6 4. Nc3 e6 5. e3 Nbd7 6. Bd3 dxc4 7. Bxc4 b5 8. Bd3
Bd6 9. O-O O-O 10. Qc2 Bb7 11. a3 h6 12. e4 e5 13. dxe5 Nxe5 14. Nxe5 Bxe5 15.
h3 Nh5 16. Ne2 g5 17. f4 gxf4 18. Nxf4 Qd4+ 19. Kh2 Rad8 20. Be2 Nxf4 21. Bxf4
Qxb2 22. Qxb2 Bxb2 23. Rad1 Bg7 24. Bh5 Rxd1 25. Rxd1 Bc8 26. Rd6 c5 27. Rc6 b4
28. Rxc5 bxa3 29. Ra5 Bb2 30. Bd6 Re8 31. Rxa7 Be6 32. Bxa3 Be5+ 33. g3 Rc8 34.
Bg4 Rc2+ 35. Kh1 Bxg4 36. hxg4 Bxg3 37. Be7 Kg7 38. g5 hxg5 39. Bxg5 Re2 40.
Ra6 Be5 41. Bh6+ Kh7 42. Bg5 Rxe4 43. Bf6 Bxf6 44. Rxf6 Kg7 45. Ra6 Re3 46. Kg2
f6 47. Kf2 Rb3 48. Ra7+ Kg6 49. Ra6 Kg5 50. Ra5+ f5 51. Ra4 Rc3 52. Rb4 Rd3 53.
Ra4 Rd8 54. Rb4 Ra8 55. Kf3 Ra1 56. Rc4 Rf1+ 57. Kg2 Ra1 58. Kf3 Ra3+ 59. Kg2
f4 60. Rc8 Ra2+ 61. Kf3 Ra3+ 62. Kg2 Ra2+ 1/2-1/2

[Event "CAN-op"]
[Site "Montreal CAN"]
[Date "2014.07.20"]
[Round "2"]
[White "Pina, Sulennis"]
[Black "Chiku-Ratte, Olivier-Kenta"]
[Result "1/2-1/2"]
[WhiteElo "2317"]
[BlackElo "2190"]
[PlyCount "114"]
[EventDate "2014.07.19"]
[EventType "swiss"]
[EventRounds "9"]
[EventCountry "CAN"]

1. e4 c5 2. b3 Nc6 3. Bb2 d6 4. Bb5 Bd7 5. Ne2 Nf6 6. Nbc3 a6 7. Bxc6 Bxc6 8.
d3 g6 9. O-O Bg7 10. Nd5 Bxd5 11. exd5 O-O 12. c4 Qd7 13. d4 cxd4 14. Nxd4 e6
15. dxe6 fxe6 16. Re1 Rfe8 17. Qe2 e5 18. Nc2 d5 19. cxd5 Nxd5 20. Rad1 Qc6 21.
Ne3 Rad8 22. Rc1 Qe6 23. Nxd5 Rxd5 24. Rc4 Red8 25. Bc3 Qd6 26. Re4 Rd1 27. g3
Rxe1+ 28. Qxe1 Qd1 29. Qxd1 Rxd1+ 30. Kg2 Kf7 31. Bxe5 Bxe5 32. Rxe5 Rd2 33. a4
Rb2 34. Re3 b5 35. axb5 axb5 36. h4 b4 37. g4 h6 38. Kg3 Kf6 39. Kf3 Rc2 40.
Rd3 Ke5 41. g5 hxg5 42. hxg5 Kf5 43. Rd5+ Ke6 44. Rb5 Rc3+ 45. Ke4 Rxb3 46.
Rb6+ Kf7 47. Rb7+ Kg8 48. f4 Rb1 49. Ke5 b3 50. Kf6 Rf1 51. Rxb3 Rxf4+ 52. Kxg6
Rf8 53. Rb7 Ra8 54. Re7 Ra6+ 55. Kf5 Rb6 56. Re6 Rxe6 57. Kxe6 Kg7 1/2-1/2

[Event "CAN-op"]
[Site "Montreal CAN"]
[Date "2014.07.20"]
[Round "3"]
[White "Chiku-Ratte, Olivier-Kenta"]
[Black "Leveille, Francois"]
[Result "0-1"]
[WhiteElo "2190"]
[BlackElo "2281"]
[PlyCount "62"]
[EventDate "2014.07.19"]
[EventType "swiss"]
[EventRounds "9"]
[EventCountry "CAN"]

1. d4 Nf6 2. c4 g6 3. Nc3 Bg7 4. e4 d6 5. f4 O-O 6. Nf3 c5 7. d5 e6 8. Be2 exd5
9. cxd5 Nbd7 10. O-O Re8 11. Nd2 c4 12. Kh1 Nc5 13. e5 dxe5 14. Nxc4 exf4 15.
Bxf4 Nce4 16. Nb5 Nxd5 17. Ncd6 Nxd6 18. Nxd6 Rxe2 19. Qxe2 Nxf4 20. Nxf7 Nxe2
21. Nxd8 Bg4 22. Nxb7 Bxb2 23. Rab1 Bd4 24. Nd6 Bb6 25. Nc4 Bc5 26. Nd2 Re8 27.
Nb3 Bb6 28. Rfe1 Re5 29. h3 Bf2 30. Rf1 Bf5 31. Rbd1 Ng3+ 0-1

[Event "CAN-op"]
[Site "Montreal CAN"]
[Date "2014.07.21"]
[Round "4"]
[White "Fleitas, Yuleikys"]
[Black "Chiku-Ratte, Olivier-Kenta"]
[Result "0-1"]
[WhiteElo "2163"]
[BlackElo "2190"]
[PlyCount "114"]
[EventDate "2014.07.19"]
[EventType "swiss"]
[EventRounds "9"]
[EventCountry "CAN"]

1. e4 c5 2. Nf3 d6 3. d4 Nf6 4. Nc3 cxd4 5. Qxd4 a6 6. Be3 Nc6 7. Qd2 Bg4 8.
O-O-O g6 9. h3 Bd7 10. g4 Bg7 11. g5 Nh5 12. Nd5 O-O 13. Bb6 Qc8 14. Nd4 Kh8
15. Be2 e6 16. Ne3 Ne5 17. Nb3 d5 18. exd5 exd5 19. Nxd5 Bb5 20. Bd4 Bxe2 21.
Qxe2 Qf5 22. h4 Rad8 23. Nf6 Nf3 24. Bc5 Rxd1+ 25. Rxd1 Rc8 26. Nxh5 gxh5 27.
Qe7 h6 28. Rd8+ Rxd8 29. Qxd8+ Kh7 30. gxh6 Bxh6+ 31. Kb1 Qe4 32. a3 Nxh4 33.
Bd4 Ng6 34. Nc5 Qf5 35. Nxb7 Bg5 36. Qc7 Bf4 37. Qc6 h4 38. Nd8 h3 39. Qh1 h2
40. Be3 Qg4 41. Ka2 Qg1 42. Qd5 h1=Q 43. Qxf7+ Kh6 44. Bxf4+ Nxf4 45. Qxf4+ Kh5
46. Qf5+ Kh4 47. Qh7+ Kg4 48. Qg6+ Kf3 49. Qf5+ Kg2 50. Qg5+ Kxf2 51. Qd2+ Kg3
52. Qg5+ Kf3 53. Qf5+ Ke2 54. Qd3+ Ke1 55. Qc3+ Kd1 56. Qd3+ Kc1 57. c4 Qd1 0-1